El derecho constitucional a una vivienda digna en la Ciudad Autónoma de Buenos Aires : (Record no. 1821)

MARC details
000 -LEADER
fixed length control field 00771 #a2200229 #4500
001 - CONTROL NUMBER
control field BNM001030
005 - DATE AND TIME OF LATEST TRANSACTION
control field 20171206093217.0
008 - FIXED-LENGTH DATA ELEMENTS--GENERAL INFORMATION
fixed length control field aespañol
020 ## - INTERNATIONAL STANDARD BOOK NUMBER
International Standard Book Number 978-987-1313-87-7
040 ## - CATALOGING SOURCE
Original cataloging agency AR-C50180D0
082 14 - DEWEY DECIMAL CLASSIFICATION NUMBER
Edition number 14
Classification number 363.5
100 1# - MAIN ENTRY--PERSONAL NAME
Personal name Dané, Laura I.
9 (RLIN) 5124
245 13 - TITLE STATEMENT
Title El derecho constitucional a una vivienda digna en la Ciudad Autónoma de Buenos Aires :
Remainder of title ¿derecho efectivo o simple declaración de derecho? /
Statement of responsibility, etc Laura I. Dané , con prólogo de Carlos Ignacio Salvadores de Arzuaga
260 ## - PUBLICATION, DISTRIBUTION, ETC. (IMPRINT)
Place of publication, distribution, etc Buenos Aires :
Name of publisher, distributor, etc RAP,
Date of publication, distribution, etc 2011.
300 ## - PHYSICAL DESCRIPTION
Extent 128 p.
440 ## - SERIES STATEMENT/ADDED ENTRY--TITLE
Title Thesis
650 #0 - SUBJECT ADDED ENTRY--TOPICAL TERM
Topical term or geographic name as entry element DERECHO A LA VIVIENDA
9 (RLIN) 5121
700 1# - ADDED ENTRY--PERSONAL NAME
Personal name Salvadores de Arzuaga, Carlos Ignacio
Relator term prol.
9 (RLIN) 5125
800 ## - SERIES ADDED ENTRY--PERSONAL NAME
Personal name Mertehikian, Eduardo
942 ## - ADDED ENTRY ELEMENTS (KOHA)
Source of classification or shelving scheme Dewey Decimal Classification
Item type Libro, folleto, traducción
Holdings
Withdrawn status Lost status Source of classification or shelving scheme Damaged status Not for loan Home library Current library Date acquired Total Checkouts Full call number Barcode Date last seen Price effective from Koha item type
    Dewey Decimal Classification     Biblioteca Central Biblioteca Central 15/04/2014   363.5 DAN UNAJ14040495 17/03/2025 15/04/2014 Libro, folleto, traducción

Lunes a Viernes 8:30 a 19:00 hs. Cerrado por mudanza
Av.Calchaqui 6200 Florencio Varela (CP188) 2°piso Edificio Mosconi Aula 209-210
Mail: bibliotecacentralunaj@gmail.com  
Whatsapp(54 9)1122668024    ❔Pregunte a la bibliotecaria
© Universidad Nacional Arturo Jauretche | Secretaría Académica | Biblioteca Central UNAJ